Využitie simulácii pri manažovaní projektov
Prístupy k zabezpečeniu úspešnosti realizácie projektu. Komplexnosť a systémová dynamika projektov. Simulácia manažovania projektu.
Gespeichert in:
| 1. Verfasser: | |
|---|---|
| Weitere Verfasser: | , |
| Format: | Buchkapitel |
| Sprache: | Slowakisch |
| Schlagworte: | |
| Tags: |
Keine Tags, Fügen Sie das erste Tag hinzu!
|
MARC
| LEADER | 00000naa a2200000 4500 | ||
|---|---|---|---|
| 001 | 0190051 | ||
| 005 | 20240503095025.5 | ||
| 041 | 0 | |a slo | |
| 044 | |a SK | ||
| 245 | 1 | 0 | |a Využitie simulácii pri manažovaní projektov |c Miroslav Majtán, Martin Mizla, Pavol Mizla |
| 520 | |a Prístupy k zabezpečeniu úspešnosti realizácie projektu. Komplexnosť a systémová dynamika projektov. Simulácia manažovania projektu. | ||
| 610 | 2 | 0 | |a riadenie projektové |
| 610 | 2 | 0 | |a simulácia |
| 610 | 2 | 0 | |a manažment |
| 610 | 2 | 0 | |a projekty |
| 610 | 2 | 0 | |a stratégia podniková |
| 100 | 1 | |a Majtán, Miroslav | |
| 700 | 1 | |a Mizla, Martin, 1955- | |
| 700 | 1 | |a Mizla, Pavol | |